| 000 | 00752 a2200145 4500 | ||
|---|---|---|---|
| 999 |
_c26294 _d26294 |
||
| 020 | _a9789382845942 | ||
| 082 |
_a025.48 _bLIB- |
||
| 245 |
_aLibrary 2.0 _b: trends & issues |
||
| 260 |
_bS.K Jain & Sons _c2015 _aJaipur |
||
| 300 | _av, 216p | ||
| 520 | _aLibrary 2.0 is the application of social media in library information centres to deliver quality information services to the users in an ever-changing dynamic environment. The book traces the origin & development of library 2.0 and highlights the features & importance of library 2.0 in the context of changing dimension of information paradigm. | ||
| 650 |
_aLibrary Science _vInformation Communication Technology _vDigital Library |
||
| 700 | _aSatpathy, Chandra Kishor | ||
| 942 |
_2ddc _cBK |
||